|
|
|
|
| LEADER |
00000nam0a2200000 4500 |
| 001 |
138770 |
| 005 |
20231031141537.0 |
| 010 |
|
|
|a 569919133X
|
| 035 |
|
|
|a (RuTPU)RU\TPU\book\150349
|
| 090 |
|
|
|a 138770
|
| 100 |
|
|
|a 20080529d2007 m y0rusy50 ca
|
| 101 |
0 |
|
|a rus
|
| 102 |
|
|
|a RU
|
| 105 |
|
|
|a y z 000ay
|
| 200 |
1 |
|
|a Огненное лето 41-го
|f А. М. Авраменко
|
| 210 |
|
|
|a Москва
|c Яуза
|d 2007
|
| 215 |
|
|
|a 352 с.
|
| 225 |
1 |
|
|a Мы были солдатами
|
| 330 |
|
|
|a Они из тех, кто принял свой первый бой на рассвете 22 июня. Они пройдут войну «от звонка до звонка». Они дойдут до Берлина. Но случится это только четыре года спустя. А пока — им нужно пережить огненное лето 41 -го. Два брата — летчик-штурмовик и танкист. Две судьбы, опаленные одной войной. Две жизни, брошенные на весы Великой Победы. Им придется отступать от самой границы — до Москвы и Сталинграда. Гореть в подбитых танках и самолетах. Прорываться из окружений и выкарабкиваться с того света в госпиталях. Испытать горечь первых поражений и радость первых побед. Остановить немцев под Москвой. И погнать их обратно на запад. Они были солдатами. Они сражались за Родину. Они — победили.
|
| 610 |
1 |
|
|a русская литература
|
| 610 |
1 |
|
|a романы
|
| 610 |
1 |
|
|a исторические романы
|
| 610 |
1 |
|
|a военные приключения
|
| 675 |
|
|
|a Р2
|v 3
|
| 700 |
|
1 |
|a Авраменко
|b А. М.
|g Александр Михайлович
|
| 801 |
|
1 |
|a RU
|b 63413507
|c 20080529
|g PSBO
|
| 801 |
|
2 |
|a RU
|b 63413507
|c 20080605
|g PSBO
|
| 942 |
|
|
|c BK
|